01182nab a22002537a 4500003000400000005001700004008004100021040000700062100002300069245010100092260007300193300001300266500003700279505015800316505008200474650001800556650002100574650004000595650005200635650001700687650003300704650004000737773015100777OSt20251226130304.0190429b xxu||||| |||| 00| 0 spa d cPJ aFinocchiaro, Enzo 13aLo aberrante, lo justo y el derecho. Algunas notas sobre el fallo "Ilarraz" /cEnzo Finocchiaro. cCiudad Autónoma de Buenos Aires :aThomson Reuters La Ley, b2025. ap. 32-38 aCita: TR LALEY AR/DOC/2205/2025. aSumario: I. Introducción.— II. Los abusos y la respuesta. Maxima mea culpa.— III. El caso Ilarraz.— IV. El fallo de la Corte.— V. Conclusión. tSi te interesa el texto completo, solicitalo a koha@justierradelfuego.gov.ar  0aDERECHO PENAL 0aDERECHOS HUMANOS 0aDELITOS CONTRA LA INTEGRIDAD SEXUAL 0aDERECHOS DE LAS NIÑAS, NIÑOS Y ADOLESCENTES 0aABUSO SEXUAL 0aCRÍMENES DE LESA HUMANIDAD 0aPRESCRIPCIÓN DE LA ACCIÓN PENAL0 02658tRevista de derecho penal y criminología. Nº 9 - Octubre 2025dCiudad Autónoma de Buenos Aires : Thomson Reuters La Ley, 2017-x00347914